000 00797nam a2200181Ia 4500
008 100921s9999 xx 000 0 und d
082 _b39365
_a923.2 न 01
100 _aपाटगावकर चंद्रकांत.
245 _aप्रकाशयात्री जयप्रकाश.
260 _bकाँन्टीनेंटल बुक सर्व्हीस,पुणे.
_c2001
300 _a98
_b---
365 _b15
520 _aचरित्रे-राजकारणी व्यिक्त.
630 _aप्रकाशयात्री जयप्रकाश.
650 _aचरित्रे-राजकारणी व्यिक्त.
730 _aप्रकाशयात्री जयप्रकाश.
942 _cBOOK
999 _c788478
_d788475